Medaliści Pucharu Narodów Afryki - Statystyki

Ogólne statystyki
  • Ten quiz został rozwiązany 69 razy
  • Średni wynik to 17 z 20
Statystyki odpowiedzi
Reprezentacja Mistrz Wicemistrz 3 miejsce % Poprawnych
Egipt 7 3 3
98%
Kamerun 5 2 2
98%
Wybrzeże Kości Słoniowej 3 2 4
98%
Ghana 4 5 1
97%
Maroko 1 1 1
95%
Republika Południowej Afryki 1 1 1
95%
Algieria 2 1 2
94%
Demokratyczna Republika Konga 2 0 2
94%
Nigeria 3 5 8
92%
Senegal 1 2 0
92%
Tunezja 1 2 1
89%
Etiopia 1 1 1
84%
Kongo 1 0 0
84%
Sudan 1 2 1
84%
Zambia 1 2 3
84%
Mali 0 1 2
81%
Libia 0 1 0
75%
Uganda 0 1 0
69%
Burkina Faso 0 1 1
66%
Gwinea 0 1 0
61%
Nie znaleziono quizów pasujących do podanych kryteriów
Rozkład punktacji
Procent ludzi z każdym wynikiem
Percentyl według liczby udzielonych odpowiedzi
Twoja historia wyników
Nie rozwiązałeś tego quizu